Statistiques concernant Générique La Bande à Picsou - Paroles

Cliquez ici pour prendre le quiz!

Statistiques générales

  • Ce quiz a été pris 84 fois
  • Le résultat moyen est 13 sur 17

Statistiques - réponses

Paroles% Correct
En suivant Fifi, Riri et {Loulou} ouhouh
89%
Picsou, {Picsou}
89%
{Picsou} ouhouh
88%
En or, en {dollars}
85%
En suivant Fifi, Riri et {Loulou} ouhouh
85%
Picsou, {Picsou}
84%
C'est le plus grand boss de {toute} {la} {ville}
81%
Il vaut des {milliards}
81%
Nous entrerons dans {la} {bande} {à} {Picsou} ouhouh
81%
Froid de {canard}
80%
Nous entrerons dans {la} {bande} {à} {Picsou} ouhouh
80%
C'est le plus puissant de tout {Canardville}
74%
C'est le plus {riche}
72%
Nous voulons entrer dans {la} {bande} {à} {Picsou} ouhouh
66%
Le plus {roublard}
57%
Le plus {chiche}
46%
On ne veut plus {claquer} {du} {bec} chez nous ouhouh
24%

Distribution des résultats

Percentile par nombre de réponses

% des personnes avec chaque résultat

Votre développement - résultats

Vous n’avez pas pris ce quiz